Indian Economy Since 1991 (Record no. 197995)
[ view plain ]
| 000 -LEADER | |
|---|---|
| fixed length control field | 00480nam a2200157Ia 4500 |
| 008 - FIXED-LENGTH DATA ELEMENTS--GENERAL INFORMATION | |
| fixed length control field | 230714s9999 xx 000 0 und d |
| 041 ## - LANGUAGE CODE | |
| Language code of text/sound track or separate title | eng |
| 082 ## - DEWEY DECIMAL CLASSIFICATION NUMBER | |
| Classification number | 330.954 |
| Item number | PRA |
| 100 ## - MAIN ENTRY--PERSONAL NAME | |
| Personal name | Prakash B.A. (Editor) |
| 245 ## - TITLE STATEMENT | |
| Title | Indian Economy Since 1991 |
| Remainder of title | Economic Performs And Performance |
| 260 ## - PUBLICATION, DISTRIBUTION, ETC. (IMPRINT) | |
| Date of publication, distribution, etc. | 2009 |
| Name of publisher, distributor, etc. | Pearson Education |
| 300 ## - PHYSICAL DESCRIPTION | |
| Extent | 598 |
| Accompanying material [OBSOLETE, CAN/MARC] | Ref 365 G (33574) |
| 365 ## - TRADE PRICE | |
| Currency code | Rs. |
| Price amount | 450.00 |
| 700 ## - ADDED ENTRY--PERSONAL NAME | |
| Personal name | Prakash B.A. (Editor) |
| 906 ## - LOCAL DATA ELEMENT F, LDF (RLIN) | |
| d | O:0025109-Sep-2009B:206907-Sep-2009 |
| c | IT |
| b | 990 |
No items available.